Cities of Marshall County, Iowa - Statistics

General Stats
  • This quiz has been taken 2 times
  • The average score is 5 of 13
Answer Stats
Cities % Correct
4 Melbourne
100%
6 Albion
50%
12 Ferguson
50%
5 Gilman
50%
3 Le Grand
50%
7 Liscomb
50%
1 Marshalltown
50%
2 State Center
50%
11 Clemons
0%
10 Haverhill
0%
9 Laurel
0%
8 Rhodes
0%
13 St. Anthony
0%
No matching quizzes found
Score Distribution
Percent of People with Each Score
Percentile by Number Answered
Your Score History
You have not taken this quiz